Lisa Kleypas Books - Statistics

General Stats
  • This quiz has been taken 5 times
  • The average score is 33 of 46
Answer Stats
Year Answer % Correct
2008 A Wallflower Christmas
100%
2008 Blue-Eyed Devil
100%
2015 Brown-Eyed Girl
100%
2013 Crystal Cove
100%
2017 Devil in Spring
100%
2006 Devil in Winter
100%
2019 Devil's Daughter
100%
2002 Lady Sophia's Lover
100%
1994 Dreaming of You
100%
2018 Hello Stranger
100%
2005 It Happened One Autumn
100%
2010 Love in the Afternoon
100%
2010 Married by Morning
100%
2016 Marrying Winterborne
100%
2006 Scandal in Spring
100%
2004 Secrets of a Summer Night
100%
2008 Seduce Me at Sunrise
100%
2004 Again the Magic
67%
1997 Because You're Mine
67%
2020 Chasing Cassandra
67%
2015 Cold-Hearted Rake
67%
2021 Devil in Disguise
67%
2012 Dream Lake
67%
2016 I Will
67%
1988 Love, Come to Me
67%
1995 Midnight Angel
67%
2007 Mine Till Midnight
67%
1995 Prince of Dreams
67%
2012 Rainshadow Road
67%
2009 Smooth-Talking Stranger
67%
1999 Someone to Watch Over Me
67%
1998 Stranger in My Arms
67%
2001 Suddenly You
67%
2007 Sugar Daddy
67%
2009 Tempt Me at Twilight
67%
1993 Then Came You
67%
2000 Where Dreams Begin
67%
2003 Worth Any Price
67%
2022 A Hathaway Wedding
33%
2010 Christmas Eve at Friday Harbor
33%
1989 Give Me Tonight
33%
1992 Only in Your Arms
33%
1992 Only With Your Love
33%
1996 Somewhere I'll Find You
33%
1987 Where Passion Leads
0%
1988 Forever My Love
0%
No matching quizzes found
Score Distribution
Percent of People with Each Score
Percentile by Number Answered
Your Score History
You have not taken this quiz